000 00322nam a22001337a 4500
008 221110b |||||||| |||| 00| 0 eng d
082 _a823.912 CON
100 _aConrad, Joseph
245 _aHeart of Darkness
260 _aNew Delhi:
_bPeacock books;
_c1899
300 _a97p :
_c18cm
650 _aCE Book
942 _2ddc
999 _c9197
_d9198